A Text Book of Engineering Mechanics (Record no. 1996)
[ view plain ]
| 000 -LEADER | |
|---|---|
| fixed length control field | 00372nam a2200157Ia 4500 |
| 003 - CONTROL NUMBER IDENTIFIER | |
| control field | OSt |
| 005 - DATE AND TIME OF LATEST TRANSACTION | |
| control field | 20200311054239.0 |
| 008 - FIXED-LENGTH DATA ELEMENTS--GENERAL INFORMATION | |
| fixed length control field | 200302s9999 xx 000 0 und d |
| 020 ## - INTERNATIONAL STANDARD BOOK NUMBER | |
| International Standard Book Number | 9788131804094 |
| 100 ## - MAIN ENTRY--PERSONAL NAME | |
| Personal name | R. K. Bansal |
| 245 ## - TITLE STATEMENT | |
| Title | A Text Book of Engineering Mechanics |
| 260 ## - PUBLICATION, DISTRIBUTION, ETC. (IMPRINT) | |
| Name of publisher, distributor, etc | Laxmi Publication (P) Ltd. |
| 260 ## - PUBLICATION, DISTRIBUTION, ETC. (IMPRINT) | |
| Date of publication, distribution, etc | 2003 |
| 300 ## - PHYSICAL DESCRIPTION | |
| Extent | 661 P., |
| 942 ## - ADDED ENTRY ELEMENTS (KOHA) | |
| Source of classification or shelving scheme | |
| Withdrawn status | Lost status | Damaged status | Koha normalized classification for sorting | Not for loan | Permanent location | Current location | Date acquired | Cost, normal purchase price | Total Checkouts | Full call number | Barcode | Date last seen | Date last borrowed | Price effective from | Koha item type | Source of classification or shelving scheme | Total Renewals |
|---|---|---|---|---|---|---|---|---|---|---|---|---|---|---|---|---|---|
| 620_100000000000000 | BMS College of Architecture, Design and Planning | BMS College of Architecture, Design and Planning | 2020-03-03 | 195.00 | 4 | 620.1 | CL-UG43562 | 2024-11-09 | 2024-11-08 | 2020-03-03 | UG Books from CL | ||||||
| 620_100000000000000_BAN | BMS College of Architecture, Design and Planning | BMS College of Architecture, Design and Planning | 2020-03-11 | 620.1 BAN | AR-BB86 | 2020-03-11 | 2020-03-11 | Book Bank | |||||||||
| 620_100000000000000_BAN | BMS College of Architecture, Design and Planning | BMS College of Architecture, Design and Planning | 2020-03-11 | 620.1 BAN | AR-BB87 | 2020-03-11 | 2020-03-11 | Book Bank | |||||||||
| 620_100000000000000_BAN | BMS College of Architecture, Design and Planning | BMS College of Architecture, Design and Planning | 2020-03-11 | 620.1 BAN | AR-BB88 | 2020-03-11 | 2020-03-11 | Book Bank | |||||||||
| 620_100000000000000_BAN | BMS College of Architecture, Design and Planning | BMS College of Architecture, Design and Planning | 2020-03-11 | 1 | 620.1 BAN | AR-BB89 | 2023-08-29 | 2023-07-11 | 2020-03-11 | Book Bank | 1 | ||||||
| 620_100000000000000_BAN | BMS College of Architecture, Design and Planning | BMS College of Architecture, Design and Planning | 2020-03-11 | 620.1 BAN | AR-BB90 | 2020-03-11 | 2020-03-11 | Book Bank |